Medley 2: (Record no. 157570)

MARC details
000 -LEADER
fixed length control field 00579nam a22001817a 4500
005 - DATE AND TIME OF LATEST TRANSACTION
control field 20180919125322.0
010 ## - LCCN (DPL NO)
LC control number ENG-123998
020 ## - INTERNATIONAL STANDARD BOOK NUMBER
International Standard Book Number 9789352872268
Terms of availability 115.00
035 ## - SYSTEM CONTROL NUMBER
System control number EN-107530
037 ## - SOURCE OF ACQUISITION
Source of stock number/acquisition DBAD/PUB
082 ## - DEWEY DECIMAL CLASSIFICATION NUMBER
Classification number 480
245 ## - TITLE STATEMENT
Title Medley 2:
Remainder of title a textbook of english for part II undergraduate students thiruvalluvar university, vellore /
260 ## - PUBLICATION, DISTRIBUTION, ETC. (IMPRINT)
Place of publication, distribution, etc Hyderabad
Name of publisher, distributor, etc Orient BlackSwan Pvt. Ltd.
Date of publication, distribution, etc 2018
270 ## - ADDRESS
City Hyderabad
Postal code 500029
Address 3-6-752 Himayatnagar,
300 ## - PHYSICAL DESCRIPTION
Extent iii,132p
Dimensions 24cm.(pbk.)
500 ## - GENERAL NOTE
General note Semester 2
942 ## - ADDED ENTRY ELEMENTS (KOHA)
Source of classification or shelving scheme Dewey Decimal Classification
Item type English Books
Classification part 480
Call number suffix MED
Holdings
Withdrawn status Lost status Not for loan Collection code Home library Current library Date acquired Source of acquisition Cost, normal purchase price Full call number Barcode Copy number Cost, replacement price Koha item type
    Not For Loan Non-fiction D.B.Act.Division Patel Nagar 19/09/2018 DBAD/PUB 115.00 480 MED EN-107530 1 115.00 English Books

© Delhi Public Library
Hit Counter
free hit counter